00752nam a2200241 a 450000100100000000500170001000800410002702000150006804000250008308200260010810000220013424500480015625000110020426000700021530000410028550000340032665000270036070000170038770000230040470000200042770000270044770000360047400002151920200930011343.0100908s1995 xxua r 000 0 spa d a020160101X aDO-SdBNPbspacBNPHU a621.3192bN712c, 19951 aNilsson, James W.10aCircuitos eléctricos /cJames W. Nilsson. a4a ed. aDelaware, Estados Unidos :bAddison-Wesley Iberoamericana,c1995. axxiv, 981 p. :bil., diag. ;c23 cm. aIncluye índice de materias. 4aCircuitos eléctricos1 aRidel, Susan1 aShattuck, David P.1 aWittels, Norman1 aMorales Peake, Ernesto1 aSebastián Franco, José Luis